Paroles - Paris-Seychelles - Julien Doré - Statistiques

Statistiques générales
  • Ce quiz a été pris 362 fois
  • Le résultat moyen est 127 sur 183
Statistiques - réponses
Paroles % Correct
se
98%
Seychelles
96%
Paris-
94%
de
93%
so,
93%
Le
92%
ne
92%
à
91%
I
90%
la
87%
oh-oh
87%
Woh-oh
87%
need
84%
Te
84%
te
84%
you
83%
Sur
81%
sur
81%
go,
80%
go
80%
des
77%
Angoulême
76%
let
76%
On
74%
pas
74%
que
74%
Que
74%
won't
74%
l'on
70%
Un
70%
choses
69%
choses...
69%
dit
69%
l'eau
68%
tiendra
68%
ton
68%
pose
67%
s'était
67%
et
66%
temps
66%
dehors
65%
nos
65%
soleil
65%
sourire
65%
corps
64%
je
63%
Melchior
59%
lilas
58%
pour
58%
sel
57%
s'endort
57%
moi
55%
fleur
54%
depuis
53%
est
53%
ronces
52%
aux
51%
chasse-
51%
Découvrir
51%
l'or
51%
scène
51%
sors,
50%
l'Île
49%
Attends-
48%
plaire
48%
l'aurore,
47%
sable
46%
Du
45%
décor
43%
L'orage
43%
spleen
43%
sombre
41%
mayas
40%
lauriers
38%
puis
37%
mort
36%
encore
35%
taire
34%
perdre
33%
chaos
30%
désir
30%
l'hiver
30%
reine
30%
cerfs
29%
Saint
28%
Souffrir
28%
Lucrèce
27%
Hilaire
24%
d'efforts
23%
torts
22%
Défendre
20%
Aucun quiz correspondant
Distribution des résultats
% des personnes avec chaque résultat
Percentile par nombre de réponses
Votre historique - résultats
Vous n’avez pas pris ce quiz